MARC

LEADER 00000nas a2200000 a 4500
001 ssj0007057
003 WaSeSS
005 20200512172242.0
006 m d
007 cr n
008 021002c19399999ilubr pss o 0 a0eng c
010 |a  2002227121 
016 7 |a 2066149-6  |2 DE-600 
022 |a 2161-8178  |y 0010-0994 
024 7 |a PE1  |2 LC class 
035 |a (WaSeSS)ssj0007057 
040 |a EYM  |b eng  |c EYM  |d OCLCQ  |d DLC  |d OCLCQ  |d CUS  |d OCLCQ  |d MUQ  |d DLC  |d OCLCE  |d AU@  |d FJM  |d LGG  |d CSU  |d OCLCQ  |d OCL  |d OCLCQ  |d OCLCO  |d OCLCQ  |d OCLCF  |d OCLCO  |d OCLCQ  |d DEBBG  |d VT2  |d Z5A  |d U3W  |d REC  |d WaSeSS 
042 |a pcc  |a nsdp  |a dlr 
050 1 4 |a PE1 
082 1 0 |a 820  |2 14 
130 0 |a College English (Online) 
222 0 |a College English  |b (Online) 
245 1 0 |a College English  |h [electronic resource]. 
260 |a Chicago, Ill. :  |b University of Chicago Press,  |c 1939- 
310 |a Semiannual,  |b Sept. 1998- 
321 |a Monthly (Oct.-May),  |b 1939-May 1974 
321 |a Monthly (Sept.-Apr.),  |b Sept. 1974-Apr. 1998 
362 1 |a Print began with vol. 1, no. 1 (Oct. 1939). 
500 |a Published by: National Council of Teachers of English, Oct. 1954- 
500 |a Place of publication varies: Champaign, Ill., Oct. 1954-May 1971; Urbana, Ill., Oct. 1971- 
506 |a License restrictions may limit access. 
515 |a Vol. 42 (Sept.-Dec. 1980) consists of 4 issues only. 
538 |a Master and use copy. Digital master created according to Benchmark for Faithful Digital Reproductions of Monographs and Serials, Version 1. Digital Library Federation, December 2002.  |u http://purl.oclc.org/DLF/benchrepro0212  |5 MiAaHDL 
583 1 |a digitized  |c 2010  |h HathiTrust Digital Library  |l committed to preserve  |5 MiAaHDL  |2 pda 
588 |a Description based on print version record; title from title screen (viewed Oct. 2, 2002). 
588 |a Latest issue consulted: Vol. 63, no. 5 (May 2001) (surrogate). 
650 0 |a English philology  |v Periodicals. 
650 0 |a English philology  |x Study and teaching  |v Periodicals. 
650 0 |a English language  |v Periodicals. 
650 6 |a Philologie anglaise  |v Périodiques. 
650 6 |a Philologie anglaise  |x Étude et enseignement  |v Périodiques. 
650 6 |a Anglais (Langue)  |v Périodiques. 
650 7 |a English language.  |2 fast  |0 (OCoLC)fst00910920 
650 7 |a English philology.  |2 fast  |0 (OCoLC)fst00912245 
650 7 |a English philology  |x Study and teaching.  |2 fast  |0 (OCoLC)fst00912262 
650 1 7 |a Engels.  |2 gtt 
650 1 7 |a Taalonderwijs.  |2 gtt 
655 0 |a Electronic journals. 
710 2 |a National Council of Teachers of English. 
776 0 8 |i Print version:  |t College English  |x 0010-0994  |w (DLC) 41006180  |w (OCoLC)1564053 
780 0 0 |t English journal  |w (OCoLC)557516694 
856 4 0 |z Full text available from Research Library: 01/01/1988 to present  |u https://search.proquest.com/publication/42044